| 000 | 00864nam a2200241 i 4500 | ||
|---|---|---|---|
| 001 | 184939 | ||
| 003 | ES-MaACL | ||
| 005 | 20250813040334.0 | ||
| 008 | 160222s1878 sp |||| | spa d | ||
| 080 | _a34(460)"12"(094.4) | ||
| 245 | 0 | 3 |
_aLa glosa que escribió en latín Gregorio López / _cvertida al castellano por Diego Ordovás. |
| 260 |
_aMadrid : _b[s.n.], _c1878 ( _fR. Velasco) |
||
| 300 |
_a5 v. ; _c15 cm. |
||
| 490 | 1 | _aBiblioteca manual de derecho | |
| 594 | _aPrecede al tít.: Código de las siete partidas. | ||
| 600 | 0 | 4 |
_aAlfonso _bX, _cRey de Castilla _919872 |
| 650 | 7 |
_aDerecho- _zCastilla (Reino) _2 _9165029 |
|
| 700 | 1 |
_aLópez de Tovar, Gregorio, _d1496?-1560 _9158626 |
|
| 700 | 1 |
_aOrdovás, Diego. _9158837 |
|
| 830 | 0 |
_aBiblioteca manual de derecho _9192259 |
|
| 852 |
_aES-MaACL _jG-10994-98 |
||
| 999 |
_c184939 _d184939 |
||